000 00545nam a2200205Ia 4500
008 110201s9999 xx 000 0 und d
082 _bB8046
_aA 49
100 _aGopal M.
100 _aNagrath I.J.
245 _aControlSysteems Emgineeing 2 nd adition
260 _bwiley eastern limited
365 _b0
600 _aGopal M.
600 _aNagrath I.J.
630 _aControlSysteems Emgineeing 2 nd adition
700 _aGopal M.
700 _aNagrath I.J.
730 _aControlSysteems Emgineeing 2 nd adition
942 _cBOOK
999 _c833542
_d833539